International marketing

Canada-Vietnam Education Network;

محفوظ في:
التفاصيل البيبلوغرافية
المؤلف الرئيسي: Czinkota, Michael R
مؤلفون آخرون: Ronkainen, Ilkka A
التنسيق: كتاب
اللغة:Undetermined
منشور في: Mason, OH Thomson/Southwestern 2007
الموضوعات:
الوصول للمادة أونلاين:http://lrc.tdmu.edu.vn/opac/search/detail.asp?aID=2&ID=7520
الوسوم: إضافة وسم
لا توجد وسوم, كن أول من يضع وسما على هذه التسجيلة!
Thư viện lưu trữ: Trung tâm Học liệu Trường Đại học Thủ Dầu Một
LEADER 00692nam a2200217Ia 4500
001 TDMU_7520
008 210410s9999 xx 000 0 und d
082 |a 658.8 
090 |b C312 
100 |a Czinkota, Michael R 
245 0 |a International marketing 
245 0 |c Michael R. Czinkota, Ilkka A. Ronkainen 
260 |a Mason, OH 
260 |b Thomson/Southwestern 
260 |c 2007 
300 |a xxx, 645 p 
520 |a Canada-Vietnam Education Network;   |c  tặng;   |d 2010 
650 |a Export marketing 
700 |a Ronkainen, Ilkka A 
856 |u http://lrc.tdmu.edu.vn/opac/search/detail.asp?aID=2&ID=7520 
980 |a Trung tâm Học liệu Trường Đại học Thủ Dầu Một